Taylor Swift - Guess by first verse [Lover] - Statistics

General Stats
  • This quiz has been taken 34 times
  • The average score is 16 of 18
Answer Stats
Hint Answer % Correct
I think he knows I Think He Knows
100%
We could leave the Christmas lights up ′til January Lover
100%
I promise that you′ll never find another like me ME!
100%
Combat, I′m ready for combat The Archer
100%
I would be complex The Man
100%
My love was as cruel as the cities I lived in Daylight
96%
The moon is high Paper Rings
96%
You are somebody that I don′t know You Need To Calm Down
96%
We were crazy to think, crazy to think that this could work False God
93%
You know I adore you Miss Americana & The Heartbreak Prince
93%
I blew things out of proportion Afterglow
85%
(We can go driving in, on my scooter) London Boy
85%
We were in the backseat Cornelia Street
81%
(My, my, my, my) Death By A Thousand Cuts
81%
How many days did I spent thinking I Forgot That You Existed
81%
The buttons of my coat were tangled in my hair Soon You’ll Get Better
81%
(Yeah, yeah, yeah, yeah) Cruel Summer
74%
School bell rings, walk me home It’s Nice To Have A Friend
74%
No matching quizzes found
Score Distribution
Percent of People with Each Score
Percentile by Number Answered
Your Score History
You have not taken this quiz